书目信息 |
| 题名: |
工程项目管理
|
|
| 作者: | 周直 主编 | |
| 分册: | ||
| 出版信息: | 北京 人民交通出版社 2001.07 |
|
| 页数: | 238页 | |
| 开本: | 26cm | |
| 丛书名: | ||
| 单 册: | ||
| 中图分类: | TU721 | |
| 科图分类: | ||
| 主题词: | 建筑工程--施工组织 , 建筑工程--施工计划 | |
| 电子资源: | ||
| ISBN: | 7-114-03762-7 | |
| 000 | 00581nam0 2200205 45 | |
| 001 | 8058086882 | |
| 005 | 1980012116080618 | |
| 010 | @a7-114-03762-7@dRMB 20.00 | |
| 100 | @a19800121d2001 km y0chiy0120 ea | |
| 101 | 0 | @achi |
| 102 | @aCN@b110000 | |
| 200 | 1 | @a工程项目管理@Agong cheng xiang mu guan li@f周直主编@Fzhou zhi zhu bian |
| 210 | @a北京@c人民交通出版社@d2001.07 | |
| 215 | @a238页@d26cm | |
| 606 | 0 | @a建筑工程@x施工组织 |
| 606 | 0 | @a建筑工程@x施工计划 |
| 690 | @aTU721@v3 | |
| 701 | 0 | @a周直@Azhou zhi@4主编 |
| 801 | 0 | @aCN@bPFT@c19800121 |
| 905 | @a10447@dTU721@eZ813 | |
| 工程项目管理/周直主编.-北京:人民交通出版社,2001.07 |
| 238页;26cm |
| ISBN 7-114-03762-7:RMB 20.00 |
| ● |
| 相关链接 |
|
|
|
正题名:工程项目管理
索取号:TU721/Z813
 
预约/预借
| 序号 | 登录号 | 条形码 | 馆藏地/架位号 | 状态 | 备注 |
| 1 | 364231 | 203642317 | 建筑库201/201建筑库 28排4列4层/ [索取号:TU721/Z813] | 在馆 | |
| 2 | 364232 | 203642326 | 建筑库201/201建筑库 28排4列4层/ [索取号:TU721/Z813] | 在馆 | |
| 3 | 364233 | 203642335 | 建筑库201/201建筑库 28排4列4层/ [索取号:TU721/Z813] | 在馆 |